000
00204nam a22000857a 4500
008
221207b |||||||| |||| 00| 0 eng d
020
_a
9788121926133
100
_a
PACES
_9
7643
245
_a
SIX DETECTIVE STORIES
999
_c
12193
_d
12193